000 00644nam a22002177a 4500
999 _c6506
_d6506
003 OSt
005 20200129103223.0
008 200129b ||||| |||| 00| 0 eng d
020 _a0273710176
040 _cDDC
082 _a658 JOH 2006
100 _aJohnson, Gerry; Scholes, Kevan; Whittington, Richard
_913370
245 _aExploring Corporate Strategy: text & cases
250 _a7th ed.
260 _aEngland;
_bPrentice,
_c2006
300 _axxxvi,1033p;
_bCol.ill:
_c26.5cm
504 _aReferences, glossary, & index included
650 _aCorporate management
_913121
650 _aStrategic planning
_912224
942 _2z
_cO_SHELF